Key Issues for Education Researchers / (Record no. 13650)
[ view plain ]
| 000 -LEADER | |
|---|---|
| fixed length control field | 01109cam a22002895a 4500 |
| 001 - CONTROL NUMBER | |
| control field | 15494982 |
| 005 - DATE AND TIME OF LATEST TRANSACTION | |
| control field | 20100203182835.0 |
| 008 - FIXED-LENGTH DATA ELEMENTS--GENERAL INFORMATION | |
| fixed length control field | 081023s2009 cau | 00| 0 eng d |
| 010 ## - LIBRARY OF CONGRESS CONTROL NUMBER | |
| LC control number | 2008940127 |
| 020 ## - INTERNATIONAL STANDARD BOOK NUMBER | |
| International Standard Book Number | 9781847873576 |
| 020 ## - INTERNATIONAL STANDARD BOOK NUMBER | |
| International Standard Book Number | 9781847873583 |
| 040 ## - CATALOGING SOURCE | |
| Original cataloging agency | DLC |
| Transcribing agency | DLC |
| Modifying agency | DLC |
| 082 ## - DEWEY DECIMAL CLASSIFICATION NUMBER | |
| Edition number | 22 |
| Classification number | 370.72 |
| Item number | BUR |
| 100 1# - MAIN ENTRY--PERSONAL NAME | |
| Personal name | Burton, Diana |
| Fuller form of name | (Diana M.) |
| 9 (RLIN) | 12554 |
| 245 10 - TITLE STATEMENT | |
| Title | Key Issues for Education Researchers / |
| Statement of responsibility, etc | Diana Burton and Steve Bartlett. |
| 260 ## - PUBLICATION, DISTRIBUTION, ETC. (IMPRINT) | |
| Place of publication, distribution, etc | Los Angeles; |
| -- | london : |
| Name of publisher, distributor, etc | SAGE, |
| Date of publication, distribution, etc | c2009. |
| 300 ## - PHYSICAL DESCRIPTION | |
| Extent | ix, 178 p. : |
| Dimensions | 25 cm. |
| 490 1# - Series Statement | |
| Series statement | Education studies, key issues |
| 504 ## - BIBLIOGRAPHY, ETC. NOTE | |
| Bibliography, etc | Includes bibliographical references and index. |
| 650 #0 - SUBJECT ADDED ENTRY--TOPICAL TERM | |
| Topical term or geographic name as entry element | Education research. |
| 9 (RLIN) | 12555 |
| 650 #0 - SUBJECT ADDED ENTRY--TOPICAL TERM | |
| Topical term or geographic name as entry element | Education |
| General subdivision | Research |
| -- | Methodology. |
| 9 (RLIN) | 12556 |
| 700 1# - ADDED ENTRY--PERSONAL NAME | |
| Personal name | Bartlett, Steve. |
| 9 (RLIN) | 12557 |
| 830 #0 - SERIES ADDED ENTRY--UNIFORM TITLE | |
| Uniform title | Education studies, key issues. |
| 9 (RLIN) | 12558 |
| 942 ## - ADDED ENTRY ELEMENTS (KOHA) | |
| Source of classification or shelving scheme | Dewey Decimal Classification |
| Item type | Book - Borrowing |
| Withdrawn status | Item status | Source of classification or shelving scheme | Damaged status | Not for loan | Vendor | Home library | Current library | Shelving location | Date acquired | Source of acquisition | Cost, normal purchase price | Serial Enumeration / chronology | Total Checkouts | Total Renewals | Full call number | Barcode | Date last seen | Date last borrowed | Koha item type |
|---|---|---|---|---|---|---|---|---|---|---|---|---|---|---|---|---|---|---|---|
| Dewey Decimal Classification | Osiris | Central Library | Central Library | First floor | 14/03/2010 | 229.00 | 10472 | 2 | 1 | 370.72 BUR | 000019132 | 15/07/2025 | 07/11/2023 | Book - Borrowing |